| 000 | 01314nmc a2200445 a 4500 | ||
|---|---|---|---|
| 003 | AR-BaBNM | ||
| 005 | 20251128211644.0 | ||
| 008 | 185020s1999 ||||||||||||||000 | spa|| | ||
| 020 | _a84-7133-689-8 | ||
| 040 | _cAR-BaBNM | ||
| 245 | 1 | 0 |
_aLa violencia en el sistema educativo _bdel daño que las escuelas causan a los niños |
| 260 |
_aMadrid _bLa Muralla _c1999 |
||
| 300 | 0 | _a287 p. | |
| 490 | 0 | _aAula abierta | |
| 500 | 0 | _aIncluye nota sobre los autores al final del volumen | |
| 504 | _aContiene referencias bibliográficas al final de cada capítulo | ||
| 650 | 4 | _aRELACION FAMILIA-ESCUELA | |
| 650 | 4 | _aPAPEL DE LA ESCUELA | |
| 650 | 4 | _aROL DEL DOCENTE | |
| 651 | 4 | _aEspaña | |
| 653 | _aVIOLENCIA ESCOLAR | ||
| 653 | _aMALTRATO INFANTIL | ||
| 653 | _aMARGINACION EDUCATIVA | ||
| 653 | _aGENERO | ||
| 700 | 1 |
_aRoss Epp, Juanita _edirector |
|
| 700 | 1 |
_aWatkinson, Ailsa M. _edirector |
|
| 700 | 1 | _aMartineau, Sheila | |
| 700 | 1 | _aTite, Rosonna | |
| 700 | 1 | _aAbbey, Sharon M. | |
| 700 | 1 | _aMacDonald, Irene M. | |
| 700 | 1 | _aWason-Ellam, Linda | |
| 700 | 1 | _aLeroy, Carol | |
| 700 | 1 | _aFrank, Blye W. | |
| 700 | 1 | _aJadwin, Lisa | |
| 700 | 1 | _aMonteath, Sandra | |
| 700 | 1 | _aCathro, Lorraine | |
| 800 | 1 | _aCasanova, María Antonia | |
| 942 | _cBK | ||
| 998 | _ccalidad | ||
| 999 |
_c20601 _d20601 |
||